LIBRARY & INFORMATION CENTRE, KCAET, TAVANUR

ONLINE PUBLIC ACCESS CATALOGUE (OPAC)

Recent political thoughts (Record no. 1736)

MARC details
000 -LEADER
fixed length control field 00416cam a2200181ua 4500
041 ## - LANGUAGE CODE
Language code of text/sound track or separate title eng
082 ## - DEWEY DECIMAL CLASSIFICATION NUMBER
Classification number 320.5
Item number MAH/RE
100 ## - MAIN ENTRY--AUTHOR NAME
Personal name Mahajan, V D .
245 ## - TITLE STATEMENT
Title Recent political thoughts
250 ## - EDITION STATEMENT
Edition statement 4 /
260 ## - PUBLICATION, DISTRIBUTION, ETC. (IMPRINT)
Place of publication New Delhi :
Name of publisher S.Chand and Co ,
Year of publication 1965.
300 ## - PHYSICAL DESCRIPTION
Number of Pages 609 :
Other physical details ` ; .
942 ## - ADDED ENTRY ELEMENTS (KOHA)
Koha item type Books
Holdings
Withdrawn status Lost status Damaged status Home library Current library Date acquired Full call number Accession Number Koha item type Public note
Withdrawn     KAUAET Sanskrit University 07/04/2012 320.5 8014 Books Transferred to Sanskrit University
free website counter